<?xml version="1.0" encoding="UTF-8"?>
<record
    xmlns:xsi="http://www.w3.org/2001/XMLSchema-instance"
    xsi:schemaLocation="http://www.loc.gov/MARC21/slim http://www.loc.gov/standards/marcxml/schema/MARC21slim.xsd"
    xmlns="http://www.loc.gov/MARC21/slim">

  <leader>00385nam a22001697a 4500</leader>
  <controlfield tag="003">SGT</controlfield>
  <datafield tag="020" ind1=" " ind2=" ">
    <subfield code="a">9789354656934</subfield>
  </datafield>
  <datafield tag="082" ind1=" " ind2=" ">
    <subfield code="a">301</subfield>
    <subfield code="b">A23S</subfield>
  </datafield>
  <datafield tag="100" ind1=" " ind2=" ">
    <subfield code="a">SREEVANI, R.</subfield>
  </datafield>
  <datafield tag="245" ind1=" " ind2=" ">
    <subfield code="a">APPLIED SOCIOLOGY FOR NURSES </subfield>
  </datafield>
  <datafield tag="250" ind1=" " ind2=" ">
    <subfield code="a">1ST</subfield>
  </datafield>
  <datafield tag="260" ind1=" " ind2=" ">
    <subfield code="a">INDIA </subfield>
    <subfield code="b">JAYPEE PUB </subfield>
    <subfield code="c">2023</subfield>
  </datafield>
  <datafield tag="300" ind1=" " ind2=" ">
    <subfield code="a">209</subfield>
  </datafield>
  <datafield tag="650" ind1=" " ind2=" ">
    <subfield code="a">SOCIOLOGY</subfield>
  </datafield>
  <datafield tag="653" ind1=" " ind2=" ">
    <subfield code="a">APPLIED SOCIOLOGY FOR NURSES </subfield>
  </datafield>
  <datafield tag="942" ind1=" " ind2=" ">
    <subfield code="2">ddc</subfield>
    <subfield code="c">BK</subfield>
    <subfield code="0">162</subfield>
  </datafield>
  <datafield tag="952" ind1=" " ind2=" ">
    <subfield code="0">0</subfield>
    <subfield code="1">0</subfield>
    <subfield code="2">ddc</subfield>
    <subfield code="4">0</subfield>
    <subfield code="7">0</subfield>
    <subfield code="8">NURSING</subfield>
    <subfield code="a">FM</subfield>
    <subfield code="b">FM</subfield>
    <subfield code="c">REF</subfield>
    <subfield code="d">2023-09-02</subfield>
    <subfield code="e">ABC DELHI</subfield>
    <subfield code="g">495.00</subfield>
    <subfield code="i">SGTU</subfield>
    <subfield code="l">4</subfield>
    <subfield code="o">301 A23S</subfield>
    <subfield code="p">FN5156</subfield>
    <subfield code="r">2026-01-10 00:00:00</subfield>
    <subfield code="s">2025-12-23</subfield>
    <subfield code="w">2023-06-20</subfield>
    <subfield code="y">BK</subfield>
    <subfield code="k">16927</subfield>
  </datafield>
  <datafield tag="952" ind1=" " ind2=" ">
    <subfield code="0">0</subfield>
    <subfield code="1">0</subfield>
    <subfield code="2">ddc</subfield>
    <subfield code="4">0</subfield>
    <subfield code="7">0</subfield>
    <subfield code="8">NURSING</subfield>
    <subfield code="a">FM</subfield>
    <subfield code="b">FM</subfield>
    <subfield code="c">TXT</subfield>
    <subfield code="d">2023-09-02</subfield>
    <subfield code="e">ABC DELHI</subfield>
    <subfield code="g">495.00</subfield>
    <subfield code="i">SGTU</subfield>
    <subfield code="l">26</subfield>
    <subfield code="o">301 A23S</subfield>
    <subfield code="p">FN5157</subfield>
    <subfield code="r">2026-01-10 00:00:00</subfield>
    <subfield code="s">2025-12-25</subfield>
    <subfield code="w">2023-06-20</subfield>
    <subfield code="y">BK</subfield>
    <subfield code="k">16927</subfield>
  </datafield>
  <datafield tag="952" ind1=" " ind2=" ">
    <subfield code="0">0</subfield>
    <subfield code="1">0</subfield>
    <subfield code="2">ddc</subfield>
    <subfield code="4">0</subfield>
    <subfield code="7">0</subfield>
    <subfield code="8">NURSING</subfield>
    <subfield code="a">FM</subfield>
    <subfield code="b">FM</subfield>
    <subfield code="c">TXT</subfield>
    <subfield code="d">2023-09-02</subfield>
    <subfield code="e">ABC DELHI</subfield>
    <subfield code="g">495.00</subfield>
    <subfield code="i">SGTU</subfield>
    <subfield code="l">23</subfield>
    <subfield code="o">301 A23S</subfield>
    <subfield code="p">FN5158</subfield>
    <subfield code="r">2026-01-10 00:00:00</subfield>
    <subfield code="s">2025-12-25</subfield>
    <subfield code="w">2023-06-20</subfield>
    <subfield code="y">BK</subfield>
    <subfield code="k">16927</subfield>
  </datafield>
  <datafield tag="952" ind1=" " ind2=" ">
    <subfield code="0">0</subfield>
    <subfield code="1">0</subfield>
    <subfield code="2">ddc</subfield>
    <subfield code="4">0</subfield>
    <subfield code="7">0</subfield>
    <subfield code="8">NURSING</subfield>
    <subfield code="a">FM</subfield>
    <subfield code="b">FM</subfield>
    <subfield code="c">TXT</subfield>
    <subfield code="d">2023-09-02</subfield>
    <subfield code="e">ABC DELHI</subfield>
    <subfield code="g">495.00</subfield>
    <subfield code="i">SGTU</subfield>
    <subfield code="l">26</subfield>
    <subfield code="o">301 A23S</subfield>
    <subfield code="p">FN5159</subfield>
    <subfield code="r">2026-01-19 00:00:00</subfield>
    <subfield code="s">2025-12-24</subfield>
    <subfield code="w">2023-06-20</subfield>
    <subfield code="y">BK</subfield>
    <subfield code="k">16927</subfield>
  </datafield>
  <datafield tag="952" ind1=" " ind2=" ">
    <subfield code="0">0</subfield>
    <subfield code="1">0</subfield>
    <subfield code="2">ddc</subfield>
    <subfield code="4">0</subfield>
    <subfield code="7">0</subfield>
    <subfield code="8">NURSING</subfield>
    <subfield code="a">FM</subfield>
    <subfield code="b">FM</subfield>
    <subfield code="c">TXT</subfield>
    <subfield code="d">2023-09-02</subfield>
    <subfield code="e">ABC DELHI</subfield>
    <subfield code="g">495.00</subfield>
    <subfield code="i">SGTU</subfield>
    <subfield code="l">23</subfield>
    <subfield code="m">1</subfield>
    <subfield code="o">301 A23S</subfield>
    <subfield code="p">FN5160</subfield>
    <subfield code="r">2026-01-15 00:00:00</subfield>
    <subfield code="s">2025-12-25</subfield>
    <subfield code="w">2023-06-20</subfield>
    <subfield code="y">BK</subfield>
    <subfield code="k">16927</subfield>
  </datafield>
  <datafield tag="952" ind1=" " ind2=" ">
    <subfield code="0">0</subfield>
    <subfield code="1">0</subfield>
    <subfield code="2">ddc</subfield>
    <subfield code="4">0</subfield>
    <subfield code="7">0</subfield>
    <subfield code="8">NURSING</subfield>
    <subfield code="a">FM</subfield>
    <subfield code="b">FM</subfield>
    <subfield code="c">TXT</subfield>
    <subfield code="d">2023-09-02</subfield>
    <subfield code="e">ABC DELHI</subfield>
    <subfield code="g">495.00</subfield>
    <subfield code="i">SGTU</subfield>
    <subfield code="l">21</subfield>
    <subfield code="m">1</subfield>
    <subfield code="o">301 A23S</subfield>
    <subfield code="p">FN5161</subfield>
    <subfield code="r">2026-01-10 00:00:00</subfield>
    <subfield code="s">2025-12-18</subfield>
    <subfield code="w">2023-06-20</subfield>
    <subfield code="y">BK</subfield>
    <subfield code="k">16927</subfield>
  </datafield>
  <datafield tag="952" ind1=" " ind2=" ">
    <subfield code="0">0</subfield>
    <subfield code="1">0</subfield>
    <subfield code="2">ddc</subfield>
    <subfield code="4">0</subfield>
    <subfield code="7">0</subfield>
    <subfield code="8">NURSING</subfield>
    <subfield code="a">FM</subfield>
    <subfield code="b">FM</subfield>
    <subfield code="c">TXT</subfield>
    <subfield code="d">2023-09-02</subfield>
    <subfield code="e">ABC DELHI</subfield>
    <subfield code="g">495.00</subfield>
    <subfield code="i">SGTU</subfield>
    <subfield code="l">24</subfield>
    <subfield code="o">301 A23S</subfield>
    <subfield code="p">FN5162</subfield>
    <subfield code="r">2026-01-12 00:00:00</subfield>
    <subfield code="s">2025-12-23</subfield>
    <subfield code="w">2023-06-20</subfield>
    <subfield code="y">BK</subfield>
    <subfield code="k">16927</subfield>
  </datafield>
  <datafield tag="952" ind1=" " ind2=" ">
    <subfield code="0">0</subfield>
    <subfield code="1">0</subfield>
    <subfield code="2">ddc</subfield>
    <subfield code="4">0</subfield>
    <subfield code="7">0</subfield>
    <subfield code="8">NURSING</subfield>
    <subfield code="a">FM</subfield>
    <subfield code="b">FM</subfield>
    <subfield code="c">TXT</subfield>
    <subfield code="d">2023-09-02</subfield>
    <subfield code="e">ABC DELHI</subfield>
    <subfield code="g">495.00</subfield>
    <subfield code="i">SGTU</subfield>
    <subfield code="l">24</subfield>
    <subfield code="o">301 A23S</subfield>
    <subfield code="p">FN5163</subfield>
    <subfield code="r">2026-01-10 00:00:00</subfield>
    <subfield code="s">2025-12-23</subfield>
    <subfield code="w">2023-06-20</subfield>
    <subfield code="y">BK</subfield>
    <subfield code="k">16927</subfield>
  </datafield>
  <datafield tag="952" ind1=" " ind2=" ">
    <subfield code="0">0</subfield>
    <subfield code="1">0</subfield>
    <subfield code="2">ddc</subfield>
    <subfield code="4">0</subfield>
    <subfield code="7">0</subfield>
    <subfield code="8">NURSING</subfield>
    <subfield code="a">FM</subfield>
    <subfield code="b">FM</subfield>
    <subfield code="c">TXT</subfield>
    <subfield code="d">2023-09-02</subfield>
    <subfield code="e">ABC DELHI</subfield>
    <subfield code="g">495.00</subfield>
    <subfield code="i">SGTU</subfield>
    <subfield code="l">23</subfield>
    <subfield code="m">2</subfield>
    <subfield code="o">301 A23S</subfield>
    <subfield code="p">FN5164</subfield>
    <subfield code="r">2026-01-10 00:00:00</subfield>
    <subfield code="s">2025-12-25</subfield>
    <subfield code="w">2023-06-20</subfield>
    <subfield code="y">BK</subfield>
    <subfield code="k">16927</subfield>
  </datafield>
  <datafield tag="952" ind1=" " ind2=" ">
    <subfield code="0">0</subfield>
    <subfield code="1">0</subfield>
    <subfield code="2">ddc</subfield>
    <subfield code="4">0</subfield>
    <subfield code="7">0</subfield>
    <subfield code="8">NURSING</subfield>
    <subfield code="a">FM</subfield>
    <subfield code="b">FM</subfield>
    <subfield code="c">TXT</subfield>
    <subfield code="d">2023-09-02</subfield>
    <subfield code="e">ABC DELHI</subfield>
    <subfield code="g">495.00</subfield>
    <subfield code="i">SGTU</subfield>
    <subfield code="l">24</subfield>
    <subfield code="o">301 A23S</subfield>
    <subfield code="p">FN5165</subfield>
    <subfield code="r">2026-01-10 00:00:00</subfield>
    <subfield code="s">2025-12-22</subfield>
    <subfield code="w">2023-06-20</subfield>
    <subfield code="y">BK</subfield>
    <subfield code="k">16927</subfield>
  </datafield>
  <datafield tag="999" ind1=" " ind2=" ">
    <subfield code="c">24922</subfield>
    <subfield code="d">24922</subfield>
  </datafield>
</record>
